000 00332nam a22001457a 4500
008 230414b ||||| |||| 00| 0 eng d
020 _a9780070082083
041 _aeng
080 _a37
082 _a37BRO
100 _a22
101 _aEDUKIM
245 _aA PRACRICAL GUIDE TO LANGUAGE LEARNING
_cBROWN .D.H
942 _2udc
_cBK
999 _c59560
_d59560